000 00683nam a2200181 i 4500
001 82793
003 ES-MaACL
005 20230906174731.0
007 t|
008 041112s1946 sp ||||1| spa d
245 0 0 _aIglesia del Espíritu Santo del Consejo Superior de Investigaciones Científicas.
260 _a[S.l. :
_bs.n,
_c1946] (
_eMadrid :
_fPublicaciones Españolas)
300 _a11 h., 12 lám. :
_bil. ;
_c27 cm.
500 _aPrecede al tít.: Ministerio de Educación Nacinoal.
710 1 _aEspaña.
_bMinisterio de Educación Nacional.
_93859
710 2 _aConsejo Superior de Investigaciones Científicas (España)
_93236
852 _aES-MaACL
_j1587-F-23
_bR.29267
999 _c82793
_d82793